LIBRARY & INFORMATION CENTRE, KCAET, TAVANUR

ONLINE PUBLIC ACCESS CATALOGUE (OPAC)

Nutrition and dietetics (Record no. 13992)

MARC details
000 -LEADER
fixed length control field 00269nam a22001097a 4500
020 ## - INTERNATIONAL STANDARD BOOK NUMBER
ISBN 9789381031056
082 ## - DEWEY DECIMAL CLASSIFICATION NUMBER
Classification number 664
Item number ANS/NU
100 ## - MAIN ENTRY--AUTHOR NAME
Personal name Ansari, Shahnaj
245 ## - TITLE STATEMENT
Title Nutrition and dietetics
260 ## - PUBLICATION, DISTRIBUTION, ETC. (IMPRINT)
Place of publication New Delhi
Name of publisher Arise Publishers & Distributors
Year of publication 2012
942 ## - ADDED ENTRY ELEMENTS (KOHA)
Koha item type Books
Holdings
Withdrawn status Lost status Damaged status Collection code Home library Current library Shelving location Date acquired Source of acquisition Cost, normal purchase price Full call number Accession Number Koha item type
      Non-fiction KAUAET KAUAET General Stacks 30/03/2013 A & A , Tvpm 850.00 664 ANS/NU 23829 Books
free website counter